000 00550nam a2200169 a 4500
001 000034141
005 20200930070817.0
008 110926s2004 cu 000 0 spa d
020 _a9591008740
040 _aDO-SdBNP
_bspa
_cBNPHU
100 1 _aAcosta, Leonardo,
_c1933-
_959559
245 1 0 _aOtra visión de la música popular cubana /
_cLeonardo Acosta ; Editor Samuel Minski.
260 _aLa Habana :
_bInstituto Cubano del Libro
_bLetras Cubanas,
_c2004
_fNomos
300 _a275 p. ;
_c21 cm.
700 1 _aMinski, Samuel
_959560
049 _aBNPD
999 _c33632
_d33632